| 000 | 00575nam a22001697a 4500 | ||
|---|---|---|---|
| 008 | 130710t xxu||||| |||| 00| 0 eng d | ||
| 040 |
_aBUAC _cCDIRSP |
||
| 041 | _aFr | ||
| 100 |
_cTestud F _925365 |
||
| 245 |
_aToxicologie médicale professionnelle et environnementale _c / F Testud |
||
| 260 |
_aParis : _bEDITIONS ESKA, _c2012 |
||
| 300 | _a814 p. | ||
| 500 | _aCompr. Annexe et index | ||
| 650 |
_aToxicologie médicale _925366 |
||
| 653 |
_aToxicologie professionnelle _aMédecine du travail _a Intoxication environnementale _aEvaluation, risque |
||
| 942 | _cLIVR | ||
| 999 |
_c51836 _d51836 |
||